[Event "Remote S7E Schnell-99 email"]
[Site "Remote email"]
[Date "2013.11.17"]
[Round "?"]
[White "Hauswald, Frank"]
[Black "Varizerl, Varizerl"]
[Result "0-1"]
[WhiteElo "2079"]
[BlackElo "2047"]
[PlyCount "60"]
[EventDate "2013.??.??"]
[EventType "tourn (corr)"]
[EventRounds "6"]
[EventCountry "GER"]
[SourceTitle "Corr 2015"]
[Source "ChessBase"]
[SourceDate "2015.07.17"]
[SourceVersion "1"]
[SourceVersionDate "2015.07.17"]
[SourceQuality "1"]

1. e4 e5 2. Nf3 Nc6 3. Bc4 Bc5 4. c3 Nf6 5. d4 exd4 6. e5 d5 7. exf6 dxc4 8. Qe2+ Be6 9. fxg7 Rg8 10. cxd4 Nxd4 11. Nxd4 Qxd4 12. Nc3 Qxg7 13. g3 0-0-0 14. Be3 Bxe3 15. fxe3 Qg5 16. e4 Rd3 17. Qf2 Bh3 18. Rd1 Re3+ 19. Ne2 Rxe4 20. Qxa7 c6 21. Qa8+ Kc7 22. Qa3 Rge8 23. Rd2 Rxe2+ 24. Rxe2 Rxe2+ 25. Kxe2 Bg4+ 26. Ke1 Qc1+ 27. Kf2 Qd2+ 28. Kg1 Bh3 29. Qe7+ Kb6 30. Qe4 f5 0-1

[Event "Remote S7E Schnell-99 email"]
[Site "Remote email"]
[Date "2013.11.17"]
[Round "?"]
[White "Varizerl, Varizerl"]
[Black "Decking, Lutz"]
[Result "1-0"]
[WhiteElo "2047"]
[BlackElo "2080"]
[PlyCount "61"]
[EventDate "2013.??.??"]
[EventType "tourn (corr)"]
[EventRounds "6"]
[EventCountry "GER"]
[SourceTitle "Corr 2015"]
[Source "ChessBase"]
[SourceDate "2015.07.17"]
[SourceVersion "1"]
[SourceVersionDate "2015.07.17"]
[SourceQuality "1"]

1. Nf3 d5 2. d4 Nf6 3. c4 c6 4. Nc3 Bg4 5. Ne5 Be6 6. cxd5 Nxd5 7. e4 Nxc3 8. bxc3 Nd7 9. Nf3 h6 10. Bd3 Qa5 11. Qc2 g5 12. 0-0 Bg7 13. h3 Nb6 14. a4 Nc4 15. Rb1 0-0-0 16. Rb4 Nb6 17. Nd2 Rd7 18. d5 Bxd5 19. exd5 Nxd5 20. Rb3 Nxc3 21. Bc4 e6 22. Nf3 Nd5 23. Bb2 Bxb2 24. Qxb2 Re8 25. Ne5 Rc7 26. Rb1 Nb6 27. Bf1 Rd8 28. Rf3 Rd2 29. Qc1 f5 30. Rxb6 axb6 31. Nc4 1-0

[Event "Remote S7E Schnell-99 email"]
[Site "Remote email"]
[Date "2013.11.17"]
[Round "?"]
[White "Varizerl, Varizerl"]
[Black "Tortoza, Carlos Alberto"]
[Result "1-0"]
[WhiteElo "2047"]
[BlackElo "1633"]
[PlyCount "53"]
[EventDate "2013.??.??"]
[EventType "tourn (corr)"]
[EventRounds "6"]
[EventCountry "GER"]
[SourceTitle "Corr 2015"]
[Source "ChessBase"]
[SourceDate "2015.07.17"]
[SourceVersion "1"]
[SourceVersionDate "2015.07.17"]
[SourceQuality "1"]

1. Nf3 Nc6 2. d4 d5 3. c4 e6 4. Nc3 Bb4 5. e3 Bxc3+ 6. bxc3 Nf6 7. Ba3 Ne4 8. Qc2 Ne7 9. Bd3 f5 10. cxd5 exd5 11. 0-0 0-0 12. c4 Rf7 13. Ne5 Rf6 14. Bxe7 Qxe7 15. cxd5 c6 16. dxc6 bxc6 17. Nxc6 Qe8 18. Rfc1 Bd7 19. Ne5 Be6 20. Bxe4 fxe4 21. Qxe4 g6 22. d5 Bc8 23. Rc7 Bf5 24. Qh4 h5 25. Qxf6 Bd7 26. Rxd7 Qf8 27. Qxg6+ 1-0

[Event "Remote S7E Adv-137 email"]
[Site "Remote email"]
[Date "2013.11.11"]
[Round "?"]
[White "Hansen, Marco"]
[Black "Varizerl, Varizerl"]
[Result "1-0"]
[WhiteElo "2273"]
[BlackElo "2047"]
[PlyCount "69"]
[EventDate "2013.??.??"]
[EventType "tourn (corr)"]
[EventRounds "6"]
[EventCountry "GER"]
[SourceTitle "Corr 2015"]
[Source "ChessBase"]
[SourceDate "2015.07.17"]
[SourceVersion "1"]
[SourceVersionDate "2015.07.17"]
[SourceQuality "1"]

1. d4 Nf6 2. e4 Nxe4 3. Bd3 d5 4. Nf3 Nc6 5. 0-0 Bg4 6. c4 e6 7. Nc3 Bxf3 8. Qxf3 Nxd4 9. Qe3 Bc5 10. cxd5 Nf6 11. Qg3 Nxd5 12. Qxg7 Qf6 13. Qg3 Bd6 14. Ne4 Bxg3 15. Nxf6+ Nxf6 16. fxg3 Nd5 17. Bh6 c5 18. g4 Rd8 19. Rae1 b6 20. g5 Nb4 21. Bb1 Nbc2 22. Bg7 Rg8 23. Bf6 Nxe1 24. Bxh7 Rxg5 25. Bxg5 Rd5 26. Bf6 Nec2 27. Be4 Rd6 28. Kf2 Nf5 29. Bg5 Nb4 30. g4 Ne7 31. h4 Rd4 32. Kf3 Ned5 33. h5 Nd3 34. Bxd5 Ne5+ 35. Ke2 1-0

[Event "Remote S7E-160 email"]
[Site "Remote email"]
[Date "2013.11.02"]
[Round "?"]
[White "Hansen, Marco"]
[Black "Varizerl, Varizerl"]
[Result "1/2-1/2"]
[WhiteElo "2273"]
[BlackElo "2047"]
[PlyCount "67"]
[EventDate "2013.??.??"]
[EventType "tourn (corr)"]
[EventRounds "6"]
[EventCountry "GER"]
[SourceTitle "Corr 2015"]
[Source "ChessBase"]
[SourceDate "2015.07.17"]
[SourceVersion "1"]
[SourceVersionDate "2015.07.17"]
[SourceQuality "1"]

1. e4 c5 2. Nf3 Nc6 3. Bb5 g6 4. 0-0 Bg7 5. d3 Nf6 6. Nc3 0-0 7. e5 Ng4 8. Bxc6 bxc6 9. Re1 f6 10. exf6 Nxf6 11. Bg5 Rb8 12. Rb1 d6 13. Qd2 Bg4 14. Nh4 e5 15. b3 Qc7 16. Ne4 Nh5 17. f3 Be6 18. g3 Nf6 19. c4 Rbd8 20. Rbd1 Rf7 21. Nc3 Qa5 22. Rc1 Re8 23. Qe2 Qb4 24. Qd2 Bf8 25. Re2 Be7 26. f4 Nd7 27. Ne4 Qxd2 28. Rxd2 Bf8 29. fxe5 h6 30. Be3 Nxe5 31. Bf4 Bf5 32. Nxf5 gxf5 33. Bxe5 dxe5 34. Nf2 1/2-1/2

[Event "Remote S7E-160 email"]
[Site "Remote email"]
[Date "2013.11.02"]
[Round "?"]
[White "Klebe, Dieter"]
[Black "Varizerl, Varizerl"]
[Result "1-0"]
[WhiteElo "1595"]
[BlackElo "2047"]
[PlyCount "53"]
[EventDate "2013.??.??"]
[EventType "tourn (corr)"]
[EventRounds "6"]
[EventCountry "GER"]
[SourceTitle "Corr 2015"]
[Source "ChessBase"]
[SourceDate "2015.07.17"]
[SourceVersion "1"]
[SourceVersionDate "2015.07.17"]
[SourceQuality "1"]

1. e4 c5 2. Nc3 Nc6 3. Nf3 e5 4. Bc4 Be7 5. 0-0 Nf6 6. a3 Nxe4 7. Nxe4 d5 8. d3 dxc4 9. b3 cxd3 10. cxd3 0-0 11. Bb2 f6 12. b4 cxb4 13. a4 Qd5 14. h3 Rd8 15. Ne1 Bf5 16. Ng3 Be6 17. Nf3 Qxd3 18. Qxd3 Rxd3 19. Ne4 Na5 20. Ne1 Rb3 21. Rc1 Rxb2 22. Rc7 Bd8 23. Rc5 Bc4 24. Nd6 Bxf1 25. Kxf1 Bb6 26. Rc8+ Rxc8 27. Nxc8 1-0

[Event "Remote S7E-160 email"]
[Site "Remote email"]
[Date "2013.11.02"]
[Round "?"]
[White "Varizerl, Varizerl"]
[Black "Eckhardt, Andreas"]
[Result "1-0"]
[WhiteElo "2047"]
[BlackElo "2012"]
[PlyCount "37"]
[EventDate "2013.??.??"]
[EventType "tourn (corr)"]
[EventRounds "6"]
[EventCountry "GER"]
[SourceTitle "Corr 2015"]
[Source "ChessBase"]
[SourceDate "2015.07.17"]
[SourceVersion "1"]
[SourceVersionDate "2015.07.17"]
[SourceQuality "1"]

1. Nf3 Nf6 2. d4 g6 3. c4 d5 4. cxd5 Nxd5 5. e4 Nb6 6. Bb5+ c6 7. Be2 Bg7 8. Nc3 0-0 9. h3 N8d7 10. a4 a5 11. Be3 Nb8 12. Qb3 Na6 13. Na2 Bd7 14. d5 Nxa4 15. Qxa4 cxd5 16. Qc2 Rc8 17. Qb1 dxe4 18. Qxe4 Nc5 19. Bxc5 1-0

[Event "Remote email"]
[Site "Remote email"]
[Date "2013.11.01"]
[Round "?"]
[White "Varizerl, Varizerl"]
[Black "Hansen, Marco"]
[Result "1/2-1/2"]
[WhiteElo "2047"]
[BlackElo "2273"]
[PlyCount "82"]
[EventDate "2013.??.??"]
[EventType "tourn (corr)"]
[EventRounds "6"]
[EventCountry "GER"]
[SourceTitle "Corr 2015"]
[Source "ChessBase"]
[SourceDate "2015.07.17"]
[SourceVersion "1"]
[SourceVersionDate "2015.07.17"]
[SourceQuality "1"]

1. Nf3 Nf6 2. g3 d5 3. Bg2 c5 4. 0-0 Nc6 5. d4 e6 6. Nc3 Be7 7. dxc5 Bxc5 8. Ne1 Bb4 9. Bd2 0-0 10. Nd3 Be7 11. e4 d4 12. Ne2 e5 13. b4 b5 14. c3 dxc3 15. Bxc3 Bd6 16. a4 Rb8 17. axb5 Rxb5 18. Qa4 a6 19. Rfd1 Qb6 20. Bd2 Nxb4 21. Be3 Qc7 22. Rac1 Qb8 23. Nc3 Nxd3 24. Rxd3 Rb4 25. Qa1 Rb3 26. Ba7 Qxa7 27. Rxd6 a5 28. Nd5 Nxd5 29. exd5 a4 30. Rdc6 Bb7 31. Rc7 Qa8 32. Qxe5 a3 33. Ra1 Qa5 34. Rcc1 g6 35. Qd4 Rd8 36. d6 Bxg2 37. Kxg2 Qa8+ 38. Kg1 Qf3 39. Rd1 h5 40. h4 Kh7 41. Rac1 Qb7 1/2-1/2

[Event "Remote S7E Adv-136 email"]
[Site "Remote email"]
[Date "2013.10.31"]
[Round "?"]
[White "Wittig, Frank"]
[Black "Varizerl, Varizerl"]
[Result "1/2-1/2"]
[WhiteElo "2313"]
[BlackElo "2047"]
[PlyCount "71"]
[EventDate "2013.??.??"]
[EventType "tourn (corr)"]
[EventRounds "6"]
[EventCountry "GER"]
[SourceTitle "Corr 2015"]
[Source "ChessBase"]
[SourceDate "2015.07.17"]
[SourceVersion "1"]
[SourceVersionDate "2015.07.17"]
[SourceQuality "1"]

1. e4 e5 2. Nf3 Nc6 3. Bc4 Nf6 4. Nc3 Bc5 5. d3 0-0 6. 0-0 h6 7. Nd5 d6 8. c3 a5 9. h3 Nxd5 10. exd5 Ne7 11. Re1 Nf5 12. d4 exd4 13. cxd4 Bb6 14. Qd3 Nh4 15. Nxh4 Qxh4 16. Re4 Qh5 17. Rf4 Bd7 18. Be3 Qg6 19. Rf3 Qxd3 20. Bxd3 a4 21. Rc1 Rfc8 22. g4 Ra5 23. Bc4 Ra7 24. Kg2 f6 25. Kg3 Be8 26. h4 h5 27. g5 fxg5 28. hxg5 Bf7 29. Rf4 Re8 30. Be2 g6 31. Bc4 Re7 32. a3 Kg7 33. Rf6 Ra8 34. Bd3 Ra5 35. Bc4 Re4 36. Bd3 1/2-1/2

[Event "Remote S7E-159 email"]
[Site "Remote email"]
[Date "2013.10.30"]
[Round "?"]
[White "Faust, Dieter"]
[Black "Varizerl, Varizerl"]
[Result "1-0"]
[WhiteElo "2062"]
[BlackElo "2047"]
[PlyCount "39"]
[EventDate "2013.??.??"]
[EventType "tourn (corr)"]
[EventRounds "6"]
[EventCountry "GER"]
[SourceTitle "Corr 2015"]
[Source "ChessBase"]
[SourceDate "2015.07.17"]
[SourceVersion "1"]
[SourceVersionDate "2015.07.17"]
[SourceQuality "1"]

1. d4 Nf6 2. c4 e6 3. Nc3 d5 4. cxd5 exd5 5. Bg5 c6 6. e3 Bf5 7. f3 Qb6 8. Qd2 Nbd7 9. g4 Bg6 10. Nge2 h6 11. Bh4 Bd6 12. Bg3 Bxg3+ 13. hxg3 0-0-0 14. Nf4 Bh7 15. Nd3 Rhe8 16. Kf2 Kb8 17. a4 Re7 18. a5 Qc7 19. a6 Rde8 20. Re1 1-0

[Event "Remote S7E-159 email"]
[Site "Remote email"]
[Date "2013.10.30"]
[Round "?"]
[White "Gottwald, Bernhard"]
[Black "Varizerl, Varizerl"]
[Result "0-1"]
[WhiteElo "1848"]
[BlackElo "2047"]
[PlyCount "42"]
[EventDate "2013.??.??"]
[EventType "tourn (corr)"]
[EventRounds "6"]
[EventCountry "GER"]
[SourceTitle "Corr 2015"]
[Source "ChessBase"]
[SourceDate "2015.07.17"]
[SourceVersion "1"]
[SourceVersionDate "2015.07.17"]
[SourceQuality "1"]

1. d4 Nf6 2. c4 e6 3. Nc3 d5 4. Bg5 c6 5. Nf3 Nbd7 6. Qc2 dxc4 7. e4 b5 8. e5 h6 9. Bh4 g5 10. Nxg5 hxg5 11. Bxg5 c5 12. dxc5 Nxe5 13. Rd1 Bd7 14. Nxb5 Rc8 15. Nd6+ Bxd6 16. Rxd6 Rxc5 17. f4 Qa5+ 18. Ke2 Neg4 19. h3 Rxg5 20. Rxd7 Kxd7 21. fxg5 Qe5+ 0-1

[Event "Remote email"]
[Site "Remote email"]
[Date "2013.10.28"]
[Round "?"]
[White "Varizerl, Varizerl"]
[Black "Fischer, Juergen"]
[Result "1-0"]
[WhiteElo "2137"]
[BlackElo "1586"]
[PlyCount "63"]
[EventDate "2013.??.??"]
[EventType "tourn (corr)"]
[EventRounds "6"]
[EventCountry "GER"]
[SourceTitle "Corr 2015"]
[Source "ChessBase"]
[SourceDate "2015.07.17"]
[SourceVersion "1"]
[SourceVersionDate "2015.07.17"]
[SourceQuality "1"]

1. f4 d5 2. Nf3 Nf6 3. e3 Bf5 4. Be2 Nbd7 5. 0-0 c6 6. Nd4 e6 7. g4 Be4 8. d3 Bg6 9. f5 exf5 10. gxf5 Ne5 11. fxg6 hxg6 12. Nc3 Qd6 13. Rf4 a6 14. Bd2 0-0-0 15. Qf1 Be7 16. Be1 Nh5 17. Rf2 Rhf8 18. Bxh5 gxh5 19. Nf5 Qd7 20. Nxg7 Ng4 21. Re2 h4 22. Nf5 Bf6 23. Bxh4 Bxh4 24. Nxh4 Rg8 25. Kh1 Rde8 26. Nf5 Rg5 27. e4 Rh5 28. Qf4 Rg8 29. Na4 Qc7 30. Ne7+ Qxe7 31. Nb6+ Kd8 32. Qb8# 1-0

[Event "Remote-ch 2013 email"]
[Site "Remote email"]
[Date "2013.10.01"]
[Round "1"]
[White "Tauscher, Karl"]
[Black "Varizerl, Varizerl"]
[Result "1-0"]
[WhiteElo "2408"]
[BlackElo "2047"]
[PlyCount "75"]
[EventDate "2013.??.??"]
[EventType "tourn (corr)"]
[EventRounds "6"]
[EventCountry "GER"]
[SourceTitle "Corr 2015"]
[Source "ChessBase"]
[SourceDate "2015.07.17"]
[SourceVersion "1"]
[SourceVersionDate "2015.07.17"]
[SourceQuality "1"]

1. e4 e5 2. Nf3 Nc6 3. Bb5 Nf6 4. 0-0 Nxe4 5. d4 Be7 6. Qe2 Nd6 7. Bxc6 bxc6 8. dxe5 Nf5 9. c4 d5 10. exd6 Qxd6 11. Nc3 0-0 12. Re1 Re8 13. Bg5 Be6 14. Rad1 Qc5 15. Bxe7 Rxe7 16. b3 Rae8 17. Qd2 f6 18. Na4 Qa3 19. Nc3 Qc5 20. Na4 Qa3 21. Qa5 Qxa2 22. Ra1 Qc2 23. Nc5 Bc8 24. Rec1 Qe2 25. Qc3 a5 26. Re1 Nd4 27. Kh1 Qxf2 28. Rxe7 Rxe7 29. Qxd4 Qxd4 30. Nxd4 Re5 31. Nxc6 Rxc5 32. Ne7+ Kf7 33. Nxc8 Ke6 34. Na7 c6 35. Rd1 a4 36. bxa4 Rxc4 37. a5 Ra4 38. Nxc6 1-0

[Event "Remote email"]
[Site "Remote email"]
[Date "2013.09.21"]
[Round "?"]
[White "Witt, Monika"]
[Black "Varizerl, Varizerl"]
[Result "0-1"]
[WhiteElo "1524"]
[BlackElo "2138"]
[PlyCount "82"]
[EventDate "2013.??.??"]
[EventType "tourn (corr)"]
[EventRounds "6"]
[EventCountry "GER"]
[SourceTitle "Corr 2015"]
[Source "ChessBase"]
[SourceDate "2015.07.17"]
[SourceVersion "1"]
[SourceVersionDate "2015.07.17"]
[SourceQuality "1"]

1. e4 e5 2. Nf3 Nc6 3. a3 g5 4. h3 Be7 5. d3 a5 6. Nc3 a4 7. Nd5 h6 8. Be3 Nf6 9. Nxf6+ Bxf6 10. Be2 d5 11. c3 0-0 12. g4 Be6 13. exd5 Bxd5 14. c4 Bxf3 15. Bxf3 Qe7 16. c5 Rfb8 17. 0-0 Nd4 18. Bxd4 exd4 19. Rc1 c6 20. Re1 Be5 21. Be4 Ra5 22. b4 axb3 23. Qxb3 Rxc5 24. Rc4 Rxc4 25. Qxc4 Qxa3 26. Qc2 f6 27. Qc4+ Kg7 28. Qe6 Qb4 29. Qd7+ Kf8 30. Qc7 Bxc7 31. Rf1 Qd6 32. f4 Ra8 33. Kh2 Ra2+ 34. Kg1 Qb4 35. fxg5 Qd2 36. Rxf6+ Kg7 37. Rg6+ Kf7 38. Rf6+ Ke7 39. Re6+ Kxe6 40. Bf5+ Ke5 41. Be4 Ra1# 0-1